Sports Quiz

Random Sports Quiz

10 Giants Players Quiz Stats

 Plays Quiz not verified by Sporcle

Challenge
Share
Tweet
Embed
Score 0/10 Timer 03:00
0 Plays Today
Number Name % Correct
10Eli Manning
100%
44Ahmad Bradshaw
100%
80Victor Cruz
100%
81Hakeem Nicks
95.2%
91Justin Tuck
95.2%
85Martelus Bennett
57.1%
59Micheal Boley
52.4%
26Antrel Rolle
47.6%
72Osi Umenyoria
4.8%
20Prince Aumukamara
0%

You're not logged in!

Compare scores with friends on all Sporcle quizzes.
OR
Log In

You Might Also Like...

Show Comments

Extras

Created Dec 2, 2012ReportNominate
Tags:giant, player

Top Quizzes Today


Score Distribution

Your Account Isn't Verified!

In order to create a playlist on Sporcle, you need to verify the email address you used during registration. Go to your Sporcle Settings to finish the process.

Report this User

Report this user for behavior that violates our Community Guidelines.

Details: